I'm Not Getting Excited - The Beths (Lyrics) - Statistics

General Stats
  • This quiz has been taken 9 times
  • The average score is 193 of 264
Answer Stats
Answer % Correct
a
100%
A
100%
excited
100%
For
100%
for
100%
getting
100%
go
100%
I
100%
I'm
100%
in
100%
is
100%
it
100%
mine
100%
my
100%
My
100%
no
100%
not
100%
of
100%
the
100%
The
100%
to
100%
And
83%
and
83%
are
83%
But
83%
can
83%
eye
83%
from
83%
I'll
83%
me
83%
night
83%
on
83%
out
83%
see
83%
so
83%
So
83%
take
83%
That
83%
that
83%
time
83%
when
83%
When
83%
where
83%
Where
83%
with
83%
With
83%
all
67%
at
67%
body
67%
'Cause
67%
got
67%
hands
67%
have
67%
isn't
67%
it's
67%
It's
67%
Just
67%
know
67%
morning
67%
one
67%
place
67%
shoes
67%
there's
67%
thought
67%
through
67%
Why
67%
why
67%
wind
67%
answer
50%
asking
50%
away
50%
bends
50%
bringer
50%
chill
50%
don't
50%
door
50%
earned
50%
expectation
50%
eyelids
50%
fall
50%
feet
50%
fight
50%
finally
50%
flashes
50%
foot
50%
hiding
50%
hold
50%
invite
50%
keep
50%
Keep
50%
learn
50%
like
50%
limp
50%
move
50%
or
50%
other
50%
phone's
50%
point
50%
signs
50%
soft
50%
thoughts
50%
turn
50%
urn
50%
wear
50%
action
33%
awake
33%
divided
33%
dreams
33%
enthuse
33%
face
33%
fading
33%
flight
33%
goal
33%
goodbye
33%
grip
33%
joy
33%
lie
33%
line
33%
loose
33%
news
33%
same
33%
side
33%
smile
33%
thrill
33%
untangling
33%
Violent
33%
vital
33%
wait
33%
warning
33%
wreck
33%
Yeah
33%
agree
17%
No matching quizzes found
Score Distribution
Percent of People with Each Score
Percentile by Number Answered
Your Score History
You have not taken this quiz